000 00743nam a2200193 i 4500
001 45147
003 ES-MaACL
005 20250730025311.0
007 t|
008 030325s1914 sp ||||1| spa d
100 1 _aClavijo y Clavijo, Salvador.
_939142
245 1 0 _aTuberculosis en la Marina de Guerra
_b: (nuevas orientaciones y reformas) : (albumino-reacción en el diagnóstico precoz) /
_cpor el Doctor Salvador Clavijo y Clavijo.
260 _aMadrid :
_b[s.n.],
_c1914 (
_fImp. del Ministerio de Marina)
300 _a180 p. ;
_c24 cm.
650 0 7 _aTuberculosis
_2embne
_917658
710 1 _aEspaña.
_bMinisterio de Marina.
_93909
852 _aES-MaACL
_jT-1437-F-7
_z- Dedicatoria autógrafa del autor
999 _c45147
_d45147